Super Smash Bros. Fighters #68 - The Isabelle Quiz - Statistics

General Stats
  • This quiz has been taken 113 times
  • The average score is 7 of 13
Answer Stats
Hint Answer % Correct
What game did Isabelle first appear in? Animal Crossing: New Leaf
89%
Isabelle's Smash reveal trailer was delayed because of what natural disaster in Hokkaido? An {Earthquake}
85%
What Animal Crossing item is Isabelle's head shaped like, and consequently named after? Bell
85%
In Smash 4, Isabelle could be summoned into battle with this item. Assist Trophy
82%
What job does Isabelle have in the main Animal Crossing games? Secretary
69%
Isabelle is the head of the Animal Crossing account on what social media site? Twitter
65%
Who is Isabelle’s brother? Digby
54%
What breed of dog is Isabelle? Shih Tzu
51%
What is the name of the fictional language that Isabelle speaks? Animalese
48%
Isabelle has obtained a degree in this STEM subject from 19 different universities: Engineering
19%
When is Isabelle’s birthday? December 20th
7%
What is Isabelle's favourite song? K.K. {Stroll}
4%
What furniture/clothing set in Pocket Camp is themed around Isabelle? Off-{Hours} Café
2%
No matching quizzes found
Score Distribution
Percent of People with Each Score
Percentile by Number Answered
Your Score History
You have not taken this quiz